| 000 | 00684nam a2200217 i 4500 | ||
|---|---|---|---|
| 001 | bg | ||
| 003 | KOSZ 005 | ||
| 005 | 20191207075202.0 | ||
| 008 | s pl f |000 0 pol | ||
| 040 | _cBPK | ||
| 041 | _apol | ||
| 080 | _a531.19 | ||
| 100 | 1 |
_aFeynman, Richard Phillips _d(1918-1988) _eAutor |
|
| 245 | 0 |
_aStatisticeskaja mechanika : _bkurs lekcij / _cR. P. Feynman ; Perev. s ang. |
|
| 250 | _aIzd. 2. | ||
| 260 |
_aMoskwa : _bIzdat. "Mir", _c1978. |
||
| 300 |
_a407, [1] s. : _brys. |
||
| 500 | _a[Na k. tyt. aut.] : R. Fejnman. | ||
| 856 |
_uhttp://koha.tu.koszalin.pl/cgi-bin/koha/opac-detail.pl?biblionumber=17867 _yKatalog online BPK |
||
| 942 |
_cKS _2UKD |
||
| 999 |
_c17867 _d17867 |
||